From rock 'n' roll to a passion for souls (Record no. 18195)

000 -LEADER
fixed length control field 00580nam a22001937a 4500
003 - CONTROL NUMBER IDENTIFIER
control field OkBaRHE
005 - DATE AND TIME OF LATEST TRANSACTION
control field 20120405125747.0
008 - FIXED-LENGTH DATA ELEMENTS--GENERAL INFORMATION
fixed length control field 120404t xxu||||| |||| 00| 0 eng d
040 ## - CATALOGING SOURCE
Transcribing agency OkBaRHE
050 ## - LIBRARY OF CONGRESS CALL NUMBER
Classification number BV 4935
Item number .S66 W3
100 ## - MAIN ENTRY--PERSONAL NAME
Personal name Ward, C. M.
9 (RLIN) 1117
245 ## - TITLE STATEMENT
Title From rock 'n' roll to a passion for souls
Remainder of title with questions and answers on youth's problems today.
260 ## - PUBLICATION, DISTRIBUTION, ETC. (IMPRINT)
Place of publication, distribution, etc Springfield, MO.
Name of publisher, distributor, etc Assemblies of God.
Date of publication, distribution, etc 1960.
300 ## - PHYSICAL DESCRIPTION
Extent 49 p.
600 ## - SUBJECT ADDED ENTRY--PERSONAL NAME
Personal name Snow, Jimmy.
9 (RLIN) 2336
630 ## - SUBJECT ADDED ENTRY--UNIFORM TITLE
Uniform title Converts.
9 (RLIN) 2324
630 ## - SUBJECT ADDED ENTRY--UNIFORM TITLE
Uniform title Youth - Religious life.
9 (RLIN) 2325
942 ## - ADDED ENTRY ELEMENTS (KOHA)
Source of classification or shelving scheme
Koha item type Books
Copies
Lost status Price effective from Not for loan Copy number Damaged status Barcode Shelving location Permanent Location Full call number Current Location Date acquired Koha item type Date last seen Withdrawn status Source of classification or shelving scheme
 2012-04-04 1 22530General StacksRHEMA Bible Training CollegeBV 4935 .S66 W3RHEMA Bible Training College2012-04-04Books2012-04-04